00349nam a22001097a 4500008004100000020001800041050002100059100002400080245010100104260002500205300000900230230919b |||||||| |||| 00| 0 eng d a9781473635340 aBX2170b.N681992 aNouwen, Henri J. M. aLife of the beloved our greatest gift :bSpiritual living in a secular worldcHenri J. M. Nouwen aLondonbHodderc1992 a83p.